Welcome to the Holygrace Academy Library

Please use search bar below to get started

MATHEMATICS SAMPLE QUESTION PAPERS (Record no. 657)

MARC details
000 -LEADER
fixed length control field 00368nam a22001337a 4500
020 ## - INTERNATIONAL STANDARD BOOK NUMBER
ISBN 978-81-7739-266-1
082 ## - DEWEY DECIMAL CLASSIFICATION NUMBER
Classification number 510
Item number AGG/M
100 ## - MAIN ENTRY--AUTHOR NAME
Personal name M.L.AGGARWAL
245 ## - TITLE STATEMENT
Title MATHEMATICS SAMPLE QUESTION PAPERS
Remainder of title CLASS X TERM II
260 ## - PUBLICATION, DISTRIBUTION, ETC. (IMPRINT)
Place of publication DELHI
Name of publisher AVICHAL PUBLISHING COMPANY
Year of publication 2012
300 ## - PHYSICAL DESCRIPTION
Number of Pages 344
650 ## - SUBJECT ADDED ENTRY--TOPICAL TERM
Topical Term MATHS SAMPLE QUESTION PAPERS FOR CLASS X
Geographic subdivision INDIA
942 ## - ADDED ENTRY ELEMENTS (KOHA)
Koha item type Books
Holdings
Withdrawn status Lost status Collection code Home library Current library Shelving location Date acquired Source of acquisition Cost, normal purchase price Full call number Accession Number Koha item type
    Reference Main Library Main Library SHELF-10 E PLUS 2 -MATHS 24/09/2012 purchase 240.00 510 AGG/M 07064 Books